Những tấm lòng cao cả

שמור ב:
מידע ביבליוגרפי
מחבר ראשי: De Amicis, Edmondo 1846-1908
מחברים אחרים: Hoàng, Thếu Sơn (Dịch, giới thiệu)
פורמט: ספר
שפה:Vietnamese
יצא לאור: Hà Nội Văn học 2016
סדרה:Classic Book Collection
נושאים:
תגים: הוספת תג
אין תגיות, היה/י הראשונ/ה לתייג את הרשומה!
Thư viện lưu trữ: Trung tâm Học liệu Lê Vũ Hùng, Trường Đại học Đồng Tháp
LEADER 01065pam a22003618a 4500
001 00035839
005 20171026081025.0
008 170103s2016 ||||||viesd
020 # # |c 70000  |a 9786046917847 
041 0 # |a vie 
082 1 4 |a 853  |b NH556T 
100 1 # |a De Amicis, Edmondo  |d 1846-1908 
245 1 0 |a Những tấm lòng cao cả  |c Edmondo De Amicis; Hoàng Thiếu Sơn (dịch, giới thiệu) 
260 # # |a Hà Nội  |b Văn học  |c 2016 
300 # # |a 335 tr.  |c 21 cm. 
490 # # |a Classic Book Collection 
653 # # |a Cuộc sống 
653 # # |a Văn học Italia 
653 # # |a Tiểu thuyết 
653 # # |a Thế kỷ 19 
700 1 # |a Hoàng, Thếu Sơn  |e Dịch, giới thiệu 
852 # # |j KM.0020285  |j KD.0017427 
852 # # |b Kho đọc  |j KD.0017427 
852 # # |b Kho mượn  |j KM.0020285 
910 |d 03/01/2017 
980 # # |a Trung tâm Học liệu Lê Vũ Hùng, Trường Đại học Đồng Tháp